000 00448nam a2200157 i 4500
001 bg
100 1 _aHASTERMAN, Zygmunt
245 0 _aWytrzymałość elektryczna transformatorów energetycznych /
_cZ. Hasterman, F. Masiński, A. Maliszewski.
260 _aWarszawa,
_c1983.
700 1 _aMASIŃSKI, Franciszek
700 1 _aMALISZEWSKI, Andrzej
040 _cBPK
041 _apol
942 _cKS
008 s pl f |000 0 pol
999 _c21768
_d21768
856 _uhttp://koha.tu.koszalin.pl/cgi-bin/koha/opac-detail.pl?biblionumber=21768
_yKatalog online BPK